[Event "Match"]
[Site "www.echecsemail.com"]
[Date "2019.11.18"]
[Round "1"]
[White "Coraza"]
[Black "Guidom"]
[WhiteElo "1720"]
[BlackElo "2080"]
[Result "1-0"]
[Round "1"]
1.e4 e5
2.Ng1f3 Nb8c6
3.Bf1b5 a6
4.Bb5xc6 dxc6
5.h3 f6
6.Nb1c3 Bc8e6
7.O-O Bf8c5
8.d3 Ng8e7
9.Bc1e3 Bc5xe3
10.fxe3 O-O
11.d4 Qd8d6
12.dxe5 fxe5
13.Rf1f2 Qd6c5
14.Qd1e2 Be6c4
15.Qe2e1 Ra8d8
16.b3 Bc4e6
17.Nc3a4 Qc5b5
18.Nf3g5 Be6c8
19.Rf2xf8 Rd8xf8
20.Qe1h4 h6
21.Ng5f3 Rf8f6
22.Ra1d1 Qb5e2
23.Rd1d8 Kf7
24.Nf3xe5 Ke6
25.Ne5g4 g5
26.Qh4g3 Rf6f1
27.Kh2 Ne7g6
28.Na4c5 Ke7
29.Qg3xc7 { resign }
1-0

[Event "Tourn. n10234"]
[Site "www.echecsemail.com"]
[Date "2019.11.18"]
[Round "1"]
[White "Krystek23"]
[Black "Biohazard"]
[WhiteElo "2370"]
[BlackElo "2860"]
[Result "1-0"]
[Round "1"]
1.Ng1f3 c5
2.c4 Nb8c6
3.Nb1c3 e5
4.d3 Ng8f6
5.e3 d5
6.cxd5 Nf6xd5
7.Bf1e2 g6
8.O-O Bf8g7
9.Qd1b3 Nd5c7
10.d4 cxd4
11.exd4 Nc6xd4
12.Nf3xd4 exd4
13.Nc3e4 Qd8d5
14.Be2b5 Bc8d7
15.Bb5xd7  { time }
1-0

[Event "Tourn. n10234"]
[Site "www.echecsemail.com"]
[Date "2019.11.18"]
[Round "1"]
[White "Galiany17"]
[Black "Biohazard"]
[WhiteElo "2620"]
[BlackElo "2860"]
[Result "1-0"]
[Round "1"]
1.d4 Ng8f6
2.c4 c6
3.Nb1c3 d5
4.Ng1f3 Bc8f5
5.Qd1b3 Qd8b6
6.cxd5 Qb6xb3
7.axb3 Nf6xd5
8.Bc1d2 Nd5b4
9.Ra1a4 e5
10.e4 Bf5g4
11.Nc3d5 cxd5
12.Bd2xb4 Bg4d7
13.Bb4xf8 Bd7xa4
14.Bf8xg7 Rh8g8
15.bxa4 Rg8xg7
16.exd5 exd4
17.Bf1b5 Kd8
18.O-O Nb8d7
19.Rf1d1 Ra8c8
20.Nf3xd4 a6
21.Bb5e2 Rg7g6
22.a5 Nd7f6
23.Nd4f5  { time }
1-0

[Event "Match"]
[Site "www.echecsemail.com"]
[Date "2019.11.18"]
[Round "1"]
[White "Said13"]
[Black "Micheles"]
[WhiteElo "1809"]
[BlackElo "2600"]
[Result "1-0"]
[Round "1"]
1.c4 e5
2.Nb1c3 Ng8f6
3.g3 Bf8b4
4.Bf1g2 O-O
5.Ng1f3 Nb8c6
6.O-O e4
7.Nf3g5 Bb4xc3
8.dxc3 Rf8e8
9.Qd1c2 Qd8e7
10.Ng5h3 h6
11.Nh3f4 Qe7c5
12.b3 g5
13.Nf4d5 Nf6xd5
14.cxd5 Qc5xd5
15.c4 Nc6b4
16.Qc2c3 Qd5e5
17.Qc3d2 Nb4c6
18.Bc1b2 Qe5c5
19.Qd2c3 Qc5e5
20.Qc3c2 Qe5e7
21.f4 g4
22.f5 Qe7c5
23.Kh1 h5
24.Ra1d1 Qc5e3
25.Bb2c1 Qe3b6
26.c5 Qb6a6
27.f6 d6
28.Rd1d5 Re8e5
29.Qc2d2 Kf8
30.Qd2h6 Ke8
31.Qh6h8 Kd7
32.Qh8f8 { resign }
1-0

[Event "Match"]
[Site "www.echecsemail.com"]
[Date "2019.11.18"]
[Round "1"]
[White "Sociopath"]
[Black "Biohazard"]
[WhiteElo "2830"]
[BlackElo "2860"]
[Result "1-0"]
[Round "1"]
1.e4 e6
2.d4 a6
3.Bf1d3 d5
4.Nb1c3 Bf8b4
5.exd5 exd5
6.Ng1f3 Ng8f6
7.O-O O-O
8.Bc1g5 Bb4e7
9.h3 h6
10.Bg5h4 Nb8c6
11.Rf1e1 Bc8e6
12.Qd1d2 Rf8e8
13.Ra1d1 Nf6h5
14.Bh4xe7 Re8xe7
15.Nc3e2 Qd8d6
16.g4 Nh5f6
17.Ne2g3 Ra8e8
18.c3  { time }
1-0

[Event "Match"]
[Site "www.echecsemail.com"]
[Date "2019.11.18"]
[Round "1"]
[White "Apdash"]
[Black "Numanoid"]
[WhiteElo "2220"]
[BlackElo "2750"]
[Result "0-1"]
[Round "1"]
1.e4 Nb8c6
2.d4 d5
3.e5 Bc8f5
4.c3 e6
5.Bf1d3 Ng8e7
6.Bc1g5 Qd8d7
7.Ng1f3 h6
8.Bg5xe7 Nc6xe7
9.O-O g5
10.Bd3xf5 Ne7xf5
11.Qd1b3 O-O-O
12.Nb1d2 g4
13.Nf3e1 h5
14.Qb3c2 h4
15.b4 Bf8h6
16.Ne1d3 g3
17.Nd3c5 Qd7e7
18.Qc2a4 Kb8
19.Qa4b5 c6
20.Qb5d3 Rd8g8
21.f4 h3
22.hxg3 Rg8xg3
23.Rf1f3 Rg3xg2
24.Kf1 Qe7h4
25.Rf3xh3 Qh4f2
{ resign }
0-1

[Event "Match"]
[Site "www.echecsemail.com"]
[Date "2019.11.18"]
[Round "1"]
[White "Chessdna"]
[Black "Sonny1000"]
[WhiteElo "1700"]
[BlackElo "1590"]
[Result "1-0"]
[Round "1"]
1.e4 e5
2.d4 d5
3.dxe5 dxe4
4.Qd1xd8 Kxd8
5.Bc1f4 f5
6.Ng1e2 Bf8b4
7.c3 Bb4c5
8.Nb1d2 b5
9.Nd2b3 Bc5e7
10.O-O-O Ke8
11.Ne2g3 Ng8f6
12.exf6 Be7xf6
13.Bf1xb5 c6
14.Bb5a4 g5
15.Bf4d6 Nb8a6
16.Ba4xc6 Kf7
17.Bc6xa8 Ke6
18.Nb3c5 Na6xc5
19.Bd6xc5 a5
20.Rd1d6 Ke5
21.Rh1e1 Bc8e6
22.Rd6a6 Be6xa2
23.Bc5d4 Kf4
24.Ra6xf6 Kg4
25.Ba8xe4 fxe4
26.Re1xe4 { resign }
1-0

[Event "Match"]
[Site "www.echecsemail.com"]
[Date "2019.11.18"]
[Round "1"]
[White "Apdash"]
[Black "Ditto"]
[WhiteElo "2180"]
[BlackElo "1910"]
[Result "1-0"]
[Round "1"]
1.e4 e5
2.Ng1f3 Nb8c6
3.d4 Bf8b4
4.c3 Bb4a5
5.b4 Ba5b6
6.d5 Nc6b8
7.Qd1c2 d6
8.a4 c6
9.Bc1a3 Bc8g4
10.Nb1d2 cxd5
11.exd5 Ng8f6
12.a5 Bb6c7
13.Bf1b5 Nb8d7
14.Bb5xd7 Nf6xd7
15.O-O Qd8f6
16.Nd2e4 Qf6g6
17.Nf3g5 Bg4f5
18.Rf1e1 h6
19.Ng5f3 Ra8c8
20.Nf3h4 Bf5xe4
21.Re1xe4 Qg6f6
22.Ra1e1 Qf6g5
23.Nh4f3 Qg5f6
24.Nf3d4 O-O
25.Nd4b5 Bc7b8
26.c4 a6
27.Nb5c3 Bb8a7
28.Nc3d1 Qf6g6
29.Kh1 Nd7f6
30.Re4e2 Qg6g5
31.Ba3c1 Nf6g4
32.Bc1xg5 hxg5
33.h3 Ng4f6
34.Qc2d3 Ba7d4
35.Nd1e3 Bd4a7
36.Ne3f5 e4
37.Qd3g3 Rc8xc4
38.Qg3xg5 Nf6e8
39.Re2xe4 Rc4c7
40.Nf5e7 Rc7xe7
41.Re4xe7 Ba7d4
42.Re7xe8 Rf8xe8
43.Re1xe8 { resign }
1-0

[Event "Tourn. n10196"]
[Site "www.echecsemail.com"]
[Date "2019.11.18"]
[Round "1"]
[White "Krystek23"]
[Black "Gvladutz"]
[WhiteElo "2540"]
[BlackElo "2490"]
[Result "0-1"]
[Round "1"]
1.c4 Ng8f6
2.Nb1c3 e6
3.Ng1f3 d5
4.d4 Bf8e7
5.cxd5 exd5
6.e3 O-O
7.Bf1e2 Nb8c6
8.O-O a6
9.Nf3e5 Qd8d6
10.f4 b5
11.Be2f3 Nc6a5
12.b3 b4
13.Nc3a4 Na5b7
14.Bc1b2 Bc8d7
15.Ne5xd7 Qd6xd7
16.Ra1c1 Rf8e8
17.g4 Nf6e4
18.Qd1c2 Be7d6
19.h4 Ra8b8
20.Kg2 Ne4f6
21.Qc2f5 Qd7xf5
22.gxf5 Re8xe3
23.Rc1c6 Bd6f8
24.Bb2c1 Re3e7
25.Na4c5 Nb7d6
26.Nc5xa6 Rb8b7
27.Bc1d2 Nd6xf5
28.Na6c5 Rb7a7
29.Rc6a6 c6
30.Ra6a4 Ra7xa4
31.Nc5xa4 Nf5xh4
32.Kg3 Nh4f5
33.Kf2 Nf6e4
34.Bf3xe4 Re7xe4
35.Rf1h1 Bf8e7
36.Rh1c1 Nf5xd4
37.Rc1d1 h5
38.Rd1e1 Be7h4
39.Kf1 Bh4xe1
40.Bd2xe1 Re4xf4
41.Kg2 Rf4g4
42.Kh3 Nd4f3
43.Be1f2 Nf3g5
44.Kh2 h4
45.Na4c5 h3
46.Bf2g3 Rg4d4
47.Bg3e5 Rd4d2
48.Kg1 Ng5f3
49.Kf1 Nf3xe5
50.Ke1 Ne5f3
{ resign }
0-1

[Event "Tourn. n10227"]
[Site "www.echecsemail.com"]
[Date "2019.11.18"]
[Round "1"]
[White "Cal"]
[Black "Osopanda"]
[WhiteElo "1800"]
[BlackElo "1610"]
[Result "0-1"]
[Round "1"]
1.Nb1c3 d5
2.d4 e6
3.a3 c6
4.e3 Bf8d6
5.b4 f5
6.h3 Ng8f6
7.Ng1f3 Nb8d7
8.Bf1d3 O-O
9.O-O Nf6e4
10.Bd3xe4 fxe4
11.Nf3h2 e5
12.Bc1b2 exd4
13.exd4 Qd8g5
14.b5 Nd7f6
15.bxc6 bxc6
16.Nc3e2 Bc8xh3
17.Ne2g3 Bd6xg3
18.fxg3 Qg5xg3
19.Qd1e2 Bh3g4
20.Bb2c1 Bg4xe2
21.Rf1f2 Nf6g4
22.Nh2xg4 Be2xg4
23.Rf2xf8 Ra8xf8
24.Bc1d2 Rf8f2
{ resign }
0-1

[Event "Tourn. n10228"]
[Site "www.echecsemail.com"]
[Date "2019.11.18"]
[Round "1"]
[White "Numanoid"]
[Black "Galiany17"]
[WhiteElo "2760"]
[BlackElo "2510"]
[Result "1-0"]
[Round "1"]
1.e4 e5
2.Ng1f3 Ng8f6
3.Nf3xe5 d6
4.Ne5f3 Nf6xe4
5.Nb1c3 Ne4xc3
6.dxc3 Bf8e7
7.Bc1e3 c5
8.Qd1d2 O-O
9.O-O-O Bc8e6
10.Be3g5 d5
11.Bg5xe7 Qd8xe7
12.Nf3g5 Nb8c6
13.Ng5xe6 fxe6
14.g3 c4
15.f4 Ra8e8
16.Bf1h3 Qe7d6
17.Rh1e1 b5
18.f5 exf5
19.Re1xe8 Rf8xe8
20.Qd2xd5 Qd6xd5
21.Rd1xd5 g6
22.Kd2 Re8d8
23.Rd5xd8 Nc6xd8
24.Ke3 Nd8e6
25.Bh3f1 a6
26.b3 cxb3
27.cxb3 Kf7
28.b4 Ke7
29.c4 Ne6c7
30.Kd4 bxc4
31.Bf1xc4 Kd6
32.a4 Nc7e6
33.Bc4xe6 Kxe6
34.Kc5 g5
35.b5 axb5
36.axb5 Kd7
37.Kd5 { resign }
1-0

[Event "Tourn. n10232"]
[Site "www.echecsemail.com"]
[Date "2019.11.18"]
[Round "1"]
[White "Obisporey"]
[Black "Galiany17"]
[WhiteElo "2570"]
[BlackElo "2600"]
[Result "1-0"]
[Round "1"]
1.e4 c5
2.Ng1f3 e6
3.d4 cxd4
4.Nf3xd4 Nb8c6
5.Nb1c3 Ng8f6
6.Nd4xc6 bxc6
7.e5 Nf6d5
8.Nc3e4 Qd8c7
9.f4 Qc7b6
10.c4 Bf8b4
11.Ke2 Bc8a6
12.Kf3 f5
13.Ne4f2 Nd5e7
14.Bc1e3 Bb4c5
15.Be3xc5 Qb6xc5
16.Qd1d6 Qc5b6
17.b3 c5
18.Kg3 Ba6b7
19.Bf1e2 h5
20.h4 Rh8h6
21.Rh1g1 Ne7g6
22.Ra1d1 Qb6d8
23.Rg1h1 Ng6e7
24.Nf2h3 Qd8c8
25.b4 cxb4
26.Qd6xb4 Ra8b8
27.Rd1b1 a5
28.Qb4xa5 Rb8a8
29.Qa5d2 Bb7c6
30.Nh3g5 Qc8c7
31.Rb1b2 Ne7g6
32.Rh1b1 Ra8d8
33.Qd2d6 Qc7a7
34.Rb2b8 Qa7e3
35.Ng5f3 { resign }
1-0

[Event "Tourn. n10231"]
[Site "www.echecsemail.com"]
[Date "2019.11.18"]
[Round "1"]
[White "Ditto"]
[Black "Malbertan"]
[WhiteElo "1980"]
[BlackElo "2090"]
[Result "0-1"]
[Round "1"]
1.e4 e5
2.Ng1f3 Nb8c6
3.Bf1c4 Ng8f6
4.d3 Bf8e7
5.Nb1c3 O-O
6.Bc1g5 d6
7.O-O Bc8g4
8.a3 Nc6d4
9.Nc3b1 Nd4xf3
10.gxf3 Bg4h3
11.Rf1e1 Nf6h5
12.Bg5xe7 Qd8xe7
13.Kh1 Qe7h4
14.Qd1e2 Nh5f4
15.Qe2d2 Qh4g5
16.Re1g1 Bh3g2
17.Rg1xg2 Qg5xg2

0-1

[Event "1/128 Finale"]
[Site "www.chess-mail.com"]
[Date "2019.11.18"]
[Round "1"]
[White "Nokia"]
[Black "Gvladutz"]
[WhiteElo "1889"]
[BlackElo "2470"]
[Result "0-1"]
[Round "1"]
1.f4 d5
2.Ng1f3 g6
3.e3 Bf8g7
4.Bf1e2 c5
5.O-O Nb8c6
6.a3 Ng8f6
7.b3 d4
8.Bc1b2 O-O
 { time }
0-1

[Event "Tourn. n10228"]
[Site "www.echecsemail.com"]
[Date "2019.11.19"]
[Round "1"]
[White "Said13"]
[Black "Galiany17"]
[WhiteElo "2289"]
[BlackElo "2510"]
[Result "1-0"]
[Round "1"]
1.c4 e5
2.Nb1c3 Nb8c6
3.g3 g6
4.Bf1g2 d6
5.Ng1f3 Bf8g7
6.O-O Ng8e7
7.e4 O-O
8.d3 f5
9.Nc3d5 h6
10.exf5 Ne7xf5
11.b4 a6
12.Bc1b2 Bc8e6
13.Qd1d2 Qd8d7
14.Rf1e1 Ra8e8
15.a4 a5
16.bxa5 g5
17.Bb2c3 Nf5e7
18.Qd2a2 Ne7f5
19.Ra1b1 g4
20.Nf3d2 Re8b8
21.Rb1b2 Nc6d4
22.Qa2b1 c6
23.Nd5e3 Nf5xe3
24.Re1xe3 Nd4f5
25.Re3e2 Qd7c7
26.Rb2b6 Nf5e7
27.Nd2e4 Ne7c8
28.Rb6b3 Rf8f7
29.Re2b2 Qc7e7
30.a6 b6
31.Rb3xb6 Rb8xb6
32.Rb2xb6 Nc8xb6
33.Qb1xb6 d5
34.Ne4c5 e4
35.Bc3xg7 Kxg7
36.Nc5xe6 Qe7xe6
37.a7 Qe6e8
38.dxe4 dxc4
39.Qb6d4 Kh7
40.e5 Qe8a8
41.e6 Rf7e7
42.Qd4e4 Kg7
43.Qe4e5 Kg8
44.Qe5b8 Re7e8
45.Qb8xa8 Re8xa8
46.e7 Ra8c8
47.Bg2xc6 c3
48.e8Q Rc8xe8
49.Bc6xe8 c2
50.a8Q c1Q
51.Kg2 { resign }
1-0

[Event "Match"]
[Site "www.echecsemail.com"]
[Date "2019.11.19"]
[Round "1"]
[White "Add"]
[Black "Apdash"]
[WhiteElo "2120"]
[BlackElo "2210"]
[Result "1-0"]
[Round "1"]
1.d4 d5
2.c4 e6
3.cxd5 exd5
4.Nb1c3 Nb8c6
5.a3 Ng8f6
6.Ng1f3 Bf8e7
7.e3 Bc8g4
8.Bf1e2 O-O
9.h3 Bg4xf3
10.gxf3 a6
11.Qd1c2 Qd8d7
12.Bc1d2 Nc6a7
13.O-O-O Rf8c8
14.e4 dxe4
15.fxe4 Na7b5
16.Nc3xb5 axb5
17.e5 Nf6d5
18.Be2g4 Qd7d8
19.Bg4xc8 Ra8xc8
20.Qc2b3 c5
21.Qb3xb5 cxd4
22.Kb1 Rc8c5
23.Qb5xb7 Rc5c7
24.Qb7b3 Qd8d7
25.Ka1 Rc7b7
26.Qb3d3 Qd7a4
27.Rd1c1 Rb7b8
28.Rc1c4 Qa4b5
29.Rc4c8 Be7f8
30.Qd3xb5 Rb8xb5
31.Rh1c1 h6
32.Bd2xh6 gxh6
33.Rc1g1 Kh7
34.Rc8xf8 Rb5b7
35.Rf8d8 Nd5f4
36.Rg1g8 Nf4g6
37.Rg8xg6 Kxg6
38.Rd8xd4 Kf5
39.f4 Rb7b3
40.Rd4d6 Rb3xh3
41.Rd6f6 Ke4
42.Rf6xf7 h5
43.e6 Kd5
44.e7 Rh3e3
45.f5 h4
46.f6 h3
47.Rf7h7 Kc4
48.Ka2 Kd5
49.Rh7xh3 { resign }
1-0

[Event "Tourn. n10247"]
[Site "www.echecsemail.com"]
[Date "2019.11.19"]
[Round "1"]
[White "Szustan"]
[Black "Coolant"]
[WhiteElo "2610"]
[BlackElo "2330"]
[Result "1-0"]
[Round "1"]
1.e4 Nb8c6
2.d4 d5
3.Nb1c3 a6
4.exd5 Nc6b4
5.a3 Nb4xd5
6.Nc3xd5 Qd8xd5
7.Ng1f3 Bc8g4
8.Bf1e2 Ng8f6
9.c4 Qd5f5
10.O-O e6
11.h3 Bg4xf3
12.Be2xf3 Ra8b8
13.Rf1e1 Bf8d6
14.c5 Bd6f4
15.g4 Qf5g5
16.Re1e5 Bf4xc1
17.Re5xg5 Bc1xg5
18.Qd1e2 O-O
19.Qe2e5 { resign }
1-0

[Event "Tourn. n10219"]
[Site "www.echecsemail.com"]
[Date "2019.11.19"]
[Round "1"]
[White "D4minance"]
[Black "Tartan"]
[WhiteElo "2850"]
[BlackElo "2460"]
[Result "1-0"]
[Round "1"]
1.d4 e6
2.c4 Ng8f6
3.Ng1f3 Bf8b4
4.Bc1d2 Bb4xd2
5.Qd1xd2 Nf6e4
6.Qd2c2 f5
7.g3 Nb8c6
8.Nb1c3 Ne4xc3
9.Qc2xc3 O-O
10.Bf1g2 d6
11.d5 Nc6e7
12.dxe6 Ne7c6
13.b4 Qd8e7
14.b5 Nc6d8
15.Nf3d4 Ra8b8
16.O-O Nd8xe6
17.Qc3e3 Qe7f6
18.Bg2d5 Rf8e8
19.Rf1d1 Kh8
20.Nd4xe6 Bc8xe6
21.Qe3xa7 Be6xd5
22.cxd5 Qf6b2
23.b6 cxb6
24.e3 Rb8a8
25.Qa7xb7 Ra8xa2
26.Ra1xa2 Qb2xa2
27.Qb7d7 { resign }
1-0

[Event "1/4 Finale"]
[Site "www.chess-mail.com"]
[Date "2019.11.19"]
[Round "1"]
[White "Chessington"]
[Black "Maxiboi"]
[WhiteElo "2800"]
[BlackElo "2900"]
[Result "1/2-1/2"]
[Round "1"]
1.Ng1f3 d5
2.g3 c5
3.Bf1g2 Nb8c6
4.O-O e5
5.d3 Bf8e7
6.c4 Ng8f6
7.e3 O-O
8.Nb1c3 Bc8e6
9.d4 e4
10.Nf3g5 Be6g4
11.Qd1a4 cxd4
12.cxd5 Nf6xd5
13.Nc3xd5 Be7xg5
14.Bg2xe4 Bg4h3
15.Rf1e1 Rf8e8
16.Be4h1 Ra8c8
17.Qa4d1 Qd8d7
18.e4 Bh3g4
19.Qd1b3 h6
20.Bh1g2 Bg5d8
21.Bc1d2 Nc6e5
22.Bd2f4 Bd8a5
23.Bf4xe5 Ba5xe1
24.Be5xd4 Be1d2
25.Bd4xa7 b5
26.Ba7d4 Bg4e2
27.h3 Rc8c6
28.Qb3a3 Rc6c2
29.Qa3b3 Rc2c8
30.h4 Rc8c6
31.Kh2 Rc6c4
32.Bd4c3 Bd2xc3
33.Nd5b6 Qd7d4
{ draw }
1/2-1/2

[Event "1/64 Finale"]
[Site "www.chess-mail.com"]
[Date "2019.11.19"]
[Round "1"]
[White "D4minance"]
[Black "Nokia"]
[WhiteElo "2840"]
[BlackElo "1889"]
[Result "1-0"]
[Round "1"]
1.d4 f5
2.g3 Ng8f6
3.Bf1g2 g6
4.Ng1f3 Bf8g7
5.O-O O-O
6.b3 d6
7.Bc1b2 Rf8e8
8.Rf1e1 Nb8d7
9.Nb1d2 e5
10.dxe5 Nd7xe5
11.e4 fxe4
12.Nf3xe5 dxe5
13.Nd2xe4 Nf6xe4
14.Qd1xd8 Re8xd8
15.Bg2xe4 c6
16.Be4d3 Bc8h3
17.Bb2xe5 Rd8d7
18.a4 Ra8d8
19.a5 a6
20.Be5xg7 Kxg7
21.Ra1a4 Rd8f8
22.Ra4e4 Rd7f7
23.f4 Kh6
24.Re4e7 Kg7
25.Bd3c4  { time }
1-0

[Event "Fast Game"]
[Site "www.echecsemail.com"]
[Date "2019.11.19"]
[Round "1"]
[White "Double2dutch"]
[Black "Claudia"]
[WhiteElo "1859"]
[BlackElo "1950"]
[Result "1-0"]
[Round "1"]
1.Ng1f3 d5
2.c4 e6
3.e3 Ng8f6
4.b3 Bf8e7
5.Bc1b2 O-O
6.Bf1e2 b6
7.O-O Bc8b7
8.cxd5 Nf6xd5
9.d3 c5
10.Nb1d2 Nb8c6
11.a3 Be7f6
12.Qd1c2 Ra8c8
13.Ra1c1 h6
14.Rf1d1  { time }
1-0

[Event "Tourn. n10251"]
[Site "www.echecsemail.com"]
[Date "2019.11.20"]
[Round "1"]
[White "Jalenakravit"]
[Black "Sorim"]
[WhiteElo "2669"]
[BlackElo "2330"]
[Result "1-0"]
[Round "1"]
1.d3 d5
2.g3 Ng8f6
3.Bf1g2 e5
4.c4 c6
5.Ng1f3 Bf8d6
6.O-O O-O
7.cxd5 cxd5
8.Nb1c3 Nb8c6
9.Bc1g5 Bc8e6
10.Bg5xf6 Qd8xf6
11.Nf3d2 Nc6e7
12.Nc3e4 { resign }
1-0

[Event "Match"]
[Site "www.echecsemail.com"]
[Date "2019.11.20"]
[Round "1"]
[White "Estonia"]
[Black "Apdash"]
[WhiteElo "1870"]
[BlackElo "2210"]
[Result "0-1"]
[Round "1"]
1.Ng1f3 d5
2.d4 Ng8f6
3.c4 c6
4.e3 Bc8g4
5.Nb1c3 e6
6.h3 Bg4h5
7.cxd5 exd5
8.Bf1e2 Bf8d6
9.Nf3h4 Bh5xe2
10.Qd1xe2 O-O
11.Nh4f5 Bd6b4
12.a3 Bb4a5
13.b4 Ba5c7
14.Bc1b2 a5
15.O-O axb4
16.axb4 Ra8xa1
17.Rf1xa1 Nb8a6
18.b5 cxb5
19.Nc3xb5 Qd8d7
20.Nb5xc7 Qd7xc7
21.Ra1c1 Qc7d7
22.Bb2a3 Qd7xf5
23.Ba3xf8 Kxf8
24.Qe2b5 Qf5d7
25.Qb5b3 g6
26.Qb3a3 Kg7
27.Qa3a5 Nf6e4
28.f3 Ne4g3
29.Kf2 Ng3f5
30.g4 Nf5e7
31.f4 h5
32.Qa5c3 hxg4
33.hxg4 Qd7xg4
34.Rc1g1 Qg4h4
35.Ke2 Qh4h2
36.Kd3 Qh2xg1
37.Qc3a3 Ne7f5
38.Qa3a2 Qg1xe3
39.Kc2 Na6b4
40.Kb2 Nb4xa2
41.Kxa2 Nf5xd4
{ resign }
0-1

[Event "Match"]
[Site "www.echecsemail.com"]
[Date "2019.11.20"]
[Round "1"]
[White "Apdash"]
[Black "Guidom"]
[WhiteElo "2210"]
[BlackElo "2070"]
[Result "1-0"]
[Round "1"]
1.e4 e6
2.d4 d5
3.e5 c5
4.c3 Nb8c6
5.Ng1f3 Bc8d7
6.Bf1b5 a6
7.Bb5xc6 Bd7xc6
8.O-O Ng8e7
9.Bc1g5 Qd8c7
10.Nb1d2 Ne7g6
11.h4 h6
12.Bg5e3 c4
13.a4 Bf8e7
14.h5 Ng6f8
15.b4 b5
16.axb5 Bc6xb5
17.Ra1a5 Nf8d7
18.Qd1c2 O-O
19.Rf1a1 Nd7b6
20.Nd2b1 Qc7c6
21.Nb1a3 Rf8b8
22.Nf3h2 Be7d8
23.Na3xb5 axb5
24.Nh2g4 Nb6a4
25.Ra5xa8 Rb8xa8
26.f4 Bd8e7
27.Ra1c1 Na4b6
28.f5 exf5
29.Qc2xf5 Qc6e6
30.Qf5f3 Ra8a2
31.Rc1f1 Nb6a4
32.Qf3g3 Kh7
33.Be3xh6 gxh6
34.Ng4f6 Be7xf6
35.exf6 Ra2xg2
36.Kxg2 Qe6e2
37.Rf1f2 Qe2e4
38.Kh2 { resign }
1-0

[Event "Tourn. n10235"]
[Site "www.echecsemail.com"]
[Date "2019.11.20"]
[Round "1"]
[White "Fereike"]
[Black "Picifarkinca"]
[WhiteElo "1690"]
[BlackElo "1750"]
[Result "0-1"]
[Round "1"]
1.e4 e5
2.Nb1c3 Ng8f6
3.Bf1c4 Nf6xe4
4.Bc4xf7 Kxf7
5.Nc3xe4 d5
6.Qd1h5 Kg8
7.Ne4g3 Bf8d6
8.d3 Qd8f8
9.Bc1d2 Nb8d7
10.Qh5f3 c6
11.O-O-O Nd7f6
12.h3 h5
13.Ng3e2 Bc8d7
14.g3 Ra8e8
15.Qf3g2 e4
16.dxe4 Nf6xe4
17.Qg2f3 Ne4xf2
18.Rh1h2 Nf2xd1
{ resign }
0-1

[Event "Tourn. n10230"]
[Site "www.echecsemail.com"]
[Date "2019.11.20"]
[Round "1"]
[White "Churrasca"]
[Black "Apdash"]
[WhiteElo "2240"]
[BlackElo "2150"]
[Result "1-0"]
[Round "1"]
1.e4 c5
2.Ng1f3 Nb8c6
3.d4 cxd4
4.Nf3xd4 d6
5.Nb1c3 a6
6.Bf1e2 Ng8f6
7.O-O e6
8.Bc1e3 Bf8e7
9.Qd1d2 O-O
10.Ra1d1 Qd8a5
11.Nd4xc6 bxc6
12.Nc3d5 Qa5d8
13.Nd5xe7 Qd8xe7
14.Qd2xd6 Qe7xd6
15.Rd1xd6 Nf6xe4
16.Rd6xc6 Bc8b7
17.Rc6c7 Bb7c8
18.Be3d4 a5
19.Be2f3 Ra8a6
20.Bf3xe4 Rf8d8
21.Bd4c3 f6
22.Be4d3 Ra6a8
23.Bd3c4 Rd8d6
24.Rf1e1 Kf8
25.Bc3xa5 Ra8xa5
26.Rc7xc8 Kf7
27.Rc8c7 Kg6
28.Bc4xe6 Ra5a6
29.Be6b3 Ra6a8
30.f3 h5
31.Re1e7 Rd6d1
32.Kf2 Kf5
33.Rc7c5 Kg6
34.Bb3f7 Kh6
35.Rc5xh5 { resign }
1-0

[Event "Tourn. n10227"]
[Site "www.echecsemail.com"]
[Date "2019.11.20"]
[Round "1"]
[White "Passaroa25"]
[Black "Picifarkinca"]
[WhiteElo "1710"]
[BlackElo "1610"]
[Result "0-1"]
[Round "1"]
1.Ng1f3 d5
2.d4 Ng8f6
3.Nb1c3 Nb8d7
4.e3 e6
5.Bc1d2 c6
6.Bf1e2 Bf8d6
7.O-O O-O
8.h3 e5
9.Nf3h4 Bd6b8
10.Nh4f5 e4
11.f3 Rf8e8
12.g4 Nd7f8
13.Kg2 Bc8xf5
14.gxf5 exf3
15.Be2xf3 Qd8d6
16.Bf3g4 Qd6g3
17.Kh1 Qg3h2

0-1

[Event "Tourn. n10243"]
[Site "www.echecsemail.com"]
[Date "2019.11.20"]
[Round "1"]
[White "Sorim"]
[Black "Fegatux"]
[WhiteElo "2310"]
[BlackElo "2230"]
[Result "0-1"]
[Round "1"]
1.d4 Ng8f6
2.c4 g6
3.Ng1f3 Bf8g7
4.Bc1g5 O-O
5.Nb1c3 d6
6.e3 Nb8d7
7.Bf1e2 c5
8.O-O b6
9.a3 Bc8b7
10.b4 Nf6e4
11.Nc3xe4 Bb7xe4
12.Ra1c1 h6
13.Bg5h4 g5
14.Bh4g3 Be4g6
15.h4 g4
16.Nf3e1 h5
17.f3 f5
18.f4 Nd7f6
19.Ne1d3 Nf6e4
20.Kh2 cxd4
21.exd4 Bg7xd4
22.Nd3f2 Ne4xg3
23.Kxg3 e5
24.Nf2d3 Qd8e7
25.fxe5 dxe5
{ resign }
0-1

[Event "Tourn. n10229"]
[Site "www.echecsemail.com"]
[Date "2019.11.20"]
[Round "1"]
[White "Fereike"]
[Black "Zsigazsuga"]
[WhiteElo "1710"]
[BlackElo "1499"]
[Result "0-1"]
[Round "1"]
1.e4 c5
2.d4 cxd4
3.c3 dxc3
4.Nb1xc3 Nb8c6
5.Bf1c4 e6
6.Ng1f3 Bf8b4
7.O-O Ng8e7
8.Bc1f4 O-O
9.Nc3b5 d5
10.exd5 exd5
11.Bc4d3 Bc8g4
12.Bd3e2 a6
 { time }
0-1

[Event "Tourn. n10248"]
[Site "www.echecsemail.com"]
[Date "2019.11.20"]
[Round "1"]
[White "Argento"]
[Black "Fantomas"]
[WhiteElo "2240"]
[BlackElo "2100"]
[Result "1-0"]
[Round "1"]
1.e4 e5
2.Ng1f3 Nb8c6
3.Bf1b5 a6
4.Bb5a4 Bf8c5
5.O-O Ng8e7
6.Nf3xe5 Nc6xe5
7.d4 Bc5d6
8.dxe5 Bd6xe5
9.f4 Be5d4
10.Qd1xd4 O-O
11.Nb1c3 b5
12.Ba4b3 Bc8b7
13.f5 Ne7c6
14.Qd4e3 Qd8f6
15.Nc3d5 Qf6e5
16.f6 Qe5d4
17.Nd5e7 { resign }
1-0

[Event "Tourn. n10190"]
[Site "www.echecsemail.com"]
[Date "2019.11.20"]
[Round "1"]
[White "Numanoid"]
[Black "Tartan"]
[WhiteElo "2750"]
[BlackElo "2470"]
[Result "1-0"]
[Round "1"]
1.d4 Ng8f6
2.Nb1c3 d5
3.Bc1g5 c6
4.e3 Nb8d7
5.f4 Qd8a5
6.Bf1d3 e6
7.Qd1d2 c5
8.dxc5 Bf8xc5
9.Ng1f3 h6
10.Bg5h4 O-O
11.Nf3d4 Bc5b4
12.O-O Nd7c5
13.Bh4xf6 gxf6
14.Qd2e2 Nc5xd3
15.cxd3 Kh7
16.Qe2h5 Bb4xc3
17.bxc3 Qa5xc3
18.Ra1d1 Qc3c7
19.f5 Qc7e7
20.Rf1f4 Rf8g8
21.Rf4h4 Qe7f8
22.fxe6 Rg8g6
23.exf7 Qf8xf7
24.Rd1b1 b6
25.Rb1c1 f5
26.g3 a5
27.Rc1c6 { resign }
1-0

[Event "Tourn. n10222"]
[Site "www.echecsemail.com"]
[Date "2019.11.20"]
[Round "1"]
[White "Fereike"]
[Black "Vasylpuzanov"]
[WhiteElo "1540"]
[BlackElo "1440"]
[Result "0-1"]
[Round "1"]
1.e4 e5
2.Ng1f3 Nb8c6
3.Bf1b5 a6
4.Bb5a4 Bf8c5
5.O-O Ng8f6
6.d3 b5
7.Ba4b3 d6
8.h3 h6
9.c3 O-O
10.Bb3c2 Bc5b6
11.Qd1e2 Rf8e8
12.Bc1e3 d5
13.Be3xb6 cxb6
14.Rf1d1 Qd8c7
15.Nb1d2 Nf6h5
16.Nd2f1 Nh5f4
17.Qe2e3 Nc6a5
18.Nf1g3 dxe4
19.dxe4 Bc8e6
20.Ng3e2 Na5c4
21.Ne2xf4 Nc4xe3
{ resign }
0-1

[Event "1/128 Finale"]
[Site "www.chess-mail.com"]
[Date "2019.11.20"]
[Round "1"]
[White "Fereike"]
[Black "Zsigazsuga"]
[WhiteElo "1710"]
[BlackElo "1499"]
[Result "1-0"]
[Round "1"]
1.e4 c5
2.c3 d5
3.exd5 Qd8xd5
4.d4 cxd4
5.cxd4 Nb8c6
6.Ng1f3 Bc8g4
7.Bc1e3 Ng8f6
8.Nb1c3 Bg4xf3
9.Qd1xf3 Qd5xf3
10.gxf3 e6
11.O-O-O { resign }
1-0

[Event "Tourn. n10166"]
[Site "www.echecsemail.com"]
[Date "2019.11.21"]
[Round "1"]
[White "Jerome"]
[Black "Marbachess"]
[WhiteElo "2369"]
[BlackElo "2540"]
[Result "1-0"]
[Round "1"]
1.e4 e6
2.d4 d5
3.Nb1c3 Nb8c6
4.Ng1f3 Bc8d7
5.exd5 exd5
6.Nc3xd5 Bf8d6
7.c3 Ng8e7
8.Nd5e3 O-O
9.Bf1d3 Ne7g6
10.O-O Ng6f4
11.Bd3e4 Rf8e8
12.Qd1c2 Nf4e2
13.Kh1 Ne2xc1
14.Ra1xc1 g6
15.Rc1d1 Qd8e7
16.Ne3d5 Qe7d8
17.Rf1e1 f5
18.Be4d3 Re8xe1
19.Rd1xe1 Kg7
20.a3 Qd8g8
21.c4 Ra8e8
22.Re1xe8 Bd7xe8
23.Qc2c3 Nc6b8
24.Nf3e5 Nb8d7
25.f4 c6
26.Nd5e3 Qg8f8
27.b4 Nd7f6
28.c5 Bd6c7
29.Bd3c4 b6
30.Qc3b2 bxc5
31.dxc5 Qf8e7
32.Qb2d4 Qe7d8
33.Qd4xd8 Bc7xd8
34.g3 Bd8c7
35.Ne5f3 Kf8
36.Nf3d4 Bc7d8
37.Bc4e2 Nf6e4
38.Ne3c4 Bd8f6
39.Nc4e5 Bf6xe5
40.fxe5 Ke7
41.Kg2 Ne4g5
42.Be2c4 Ng5e4
43.h4 Ne4c3
44.h5 Nc3e4
45.h6 Ne4g5
46.a4 Ng5e4
47.Bc4g8 { resign }
1-0

[Event "Match"]
[Site "www.echecsemail.com"]
[Date "2019.11.21"]
[Round "1"]
[White "Said13"]
[Black "Aiko1603"]
[WhiteElo "1809"]
[BlackElo "2090"]
[Result "1-0"]
[Round "1"]
1.c4 c5
2.Nb1c3 Nb8c6
3.g3 g6
4.Bf1g2 Bf8g7
5.Ng1f3 d6
6.O-O Ng8f6
7.d3 O-O
8.a3 Bc8g4
9.Ra1b1 Bg4xf3
10.Bg2xf3 Qd8d7
11.e3 Nc6e5
12.Bf3g2 Ra8b8
13.b4 a6
14.h3 b5
15.cxb5 axb5
16.f4 Ne5c6
17.bxc5 dxc5
18.Rb1xb5 Rb8xb5
19.Nc3xb5 Nc6b4
20.axb4 Qd7xb5
21.bxc5 Qb5xc5
22.Qd1b3 Qc5a7
23.Qb3a3 Qa7d7
24.Bc1d2 e6
25.Rf1b1 Nf6d5
26.Kh2 Bg7f6
27.e4 Bf6e7
28.Qa3a6 Nd5f6
29.Rb1b7 Qd7c8
30.f5 exf5
31.e5 Nf6d7
32.Qa6b5 Rf8d8
33.Bd2a5 Nd7xe5
34.Rb7xe7 Ne5xd3
35.Ba5xd8 { resign }
1-0